Canciones

Guardat en:
Dades bibliogràfiques
Autor principal: García Lorca, Federico
Format: Llibre
Idioma:Undetermined
Publicat: Buenos Aires, Argentina Losada 1965
Edició:4 edición
Matèries:
Etiquetes: Afegir etiqueta
Sense etiquetes, Sigues el primer a etiquetar aquest registre!

MARC

LEADER 00000nam a2200000Ia 4500
008 170316s9999 xx 000 0 und d
040 |a cru BVZT 
090 |a 862 G-13c 
100 |a García Lorca, Federico 
245 |a Canciones 
250 |a 4 edición 
260 |a Buenos Aires, Argentina 
260 |b Losada 
260 |c 1965 
300 |a 128 páginas 
650 |a LITERATURA ESPAÑOLA 
999 |c 9874  |d 9874 
942 |c 15 D  |h 862 G-13c  |2 z